|
|
|
|
| LEADER |
00808cam a2200217 7i4500 |
| 001 |
0000019583 |
| 005 |
20171027090000.0 |
| 008 |
071228 eng |
| 020 |
|
|
|a 9780534401306 (hbk.)
|
| 020 |
|
|
|a 0534401309 (hbk.)
|
| 090 |
0 |
0 |
|a TA330
|b .O55 2003
|
| 100 |
1 |
|
|a O'Neil, Peter V
|
| 245 |
1 |
0 |
|a Advanced engineering mathematics
|c Peter V. O'Neil.
|
| 250 |
|
|
|a 5th ed.
|
| 260 |
|
|
|a Pacific Grove, CA:
|b Thomson Brooks/Cole,
|c 2003.
|
| 300 |
|
|
|a xiii, 1236p.:
|b col. ill.;
|c 26 cm.
|
| 650 |
0 |
0 |
|a Engineering mathematics
|
| 997 |
|
|
|a Engineering & Life Sciences, Faculty
|b Engineering, Department
|
| 999 |
|
|
|a 0000023927
|b BOK
|c OPEN SHELF
|e 1st Floor, Bestari Jaya
|
| 999 |
|
|
|a 0000027335
|b BOK
|c OPEN SHELF
|e 2nd Floor, Bestari Jaya
|
| 999 |
|
|
|a 0000027336
|b BOK
|c OPEN SHELF
|e 1st Floor, Bestari Jaya
|